Инновации в экономике и промышленности

Dettagli Bibliografici
Autore principale: Сухарев О. С. Олег Сергеевич
Altri autori: Сухарев С. О. Сергей Олегович
Riassunto:В работе рассматриваются проблемы инновационной экономики и инновационного менеджмента, раскрываются основы современной инновационной теории предприятия, излагаются аспекты формирования и управления инновационной системой производства. Для студентов экономических специальностей вузов, научных работников и практиков.
Lingua:russo
Pubblicazione: Москва, Высшая школа, 2010
Soggetti:
Natura: MixedMaterials Libro
KOHA link:https://koha.lib.tpu.ru/cgi-bin/koha/opac-detail.pl?biblionumber=164928

MARC

LEADER 00000nam0a2200000 4500
001 164928
005 20231101222522.0
010 |a 9785060060331 
035 |a (RuTPU)RU\TPU\book\178924 
090 |a 164928 
100 |a 20090911d2010 m y0rusy50 ca 
101 0 |a rus 
102 |a RU 
105 |a a z 000zy 
200 1 |a Инновации в экономике и промышленности  |f О. С. Сухарев, С. О. Сухарев 
210 |a Москва  |c Высшая школа  |d 2010 
215 |a 317 с.  |c ил. 
330 |a В работе рассматриваются проблемы инновационной экономики и инновационного менеджмента, раскрываются основы современной инновационной теории предприятия, излагаются аспекты формирования и управления инновационной системой производства. Для студентов экономических специальностей вузов, научных работников и практиков. 
606 1 |a Инновации  |2 stltpush  |3 (RuTPU)RU\TPU\subj\67423  |9 83236 
610 1 |a экономика 
610 1 |a промышленность 
610 1 |a хозяйственные системы 
610 1 |a технологическое развитие 
610 1 |a технические системы 
610 1 |a информация 
610 1 |a НИОКР 
610 1 |a высокие технологии 
610 1 |a технический прогресс 
610 1 |a новая экономика 
610 1 |a инновационная техника 
610 1 |a инновационная теория 
610 1 |a промышленные предприятия 
610 1 |a фирмы 
610 1 |a оборонно-промышленный комплекс 
610 1 |a конверсия 
610 1 |a управление качеством 
610 1 |a интеллектуальный капитал 
610 1 |a интеллектуальный потенциал 
610 1 |a оптимизация 
610 1 |a новые технологии 
610 1 |a управленческие решения 
610 1 |a структурный анализ 
610 1 |a затраты-выпуск 
610 1 |a макроэкономическая политика 
610 1 |a приоритеты 
610 1 |a образование 
610 1 |a наука 
610 1 |a кадры 
610 1 |a квалификация 
610 1 |a квалифицированные кадры 
610 1 |a экономические кризисы 
610 1 |a финансовая политика 
610 1 |a инфляция 
610 1 |a военные расходы 
610 1 |a военные блоки 
610 1 |a ликвидность 
610 1 |a глобализм 
686 |a У9(2)0-551  |v LBC/SL-A  |2 rubbk 
700 1 |a Сухарев  |b О. С.  |g Олег Сергеевич 
701 1 |a Сухарев  |b С. О.  |g Сергей Олегович 
801 1 |a RU  |b 63413507  |c 20090911 
801 2 |a RU  |b 63413507  |c 20150514  |g RCR 
942 |c BK 
959 |a 93/20090911  |d 2  |e 518,10  |f АНЛ:1  |f ЧЗГЛ:1